000
00275nam a22001217a 4500
082
_a
954 MAT
100
_a
Mathew K.S
245
_a
Martine Trade of the Malabar Coast
260
_a
Delhi
_b
Manohar Publishers
_c
2016
300
_a
432
650
_a
History India
942
_c
BK
999
_c
19998
_d
19998